Spontaneous shelter : international perspectives and prospects /

Bibliographic Details
Other Authors: Patton, Carl V.
Format: Book
Language:English
Published: Philadelphia : Temple University Press, 1988.
Subjects:

MARC

Tag First Indicator Second Indicator Subfields
LEADER 00000cam a22000008a 4500
001 in00000018033
005 20151007053132.0
008 870408s1988 paua b 00100 eng
010 |a  87010002  
020 |a 0877225079 (alk. paper) 
035 |a (OCoLC)15589023 
035 |9 AAB0513AM 
040 |a DLC  |c DLC  |d m/c  |d TXA  |d UtOrBLW 
043 |a d------ 
049 |a TXAM  |c [A11082541] 
050 0 0 |a HD7287.96.D44  |b S66 1988 
082 0 |a 363.5/8/091724  |2 19 
245 0 0 |a Spontaneous shelter :  |b international perspectives and prospects /  |c edited by Carl V. Patton. 
263 |a 8801 
264 1 |a Philadelphia :  |b Temple University Press,  |c 1988. 
300 |a xvii, 380 pages :  |b illustrations 
336 |a text  |b txt  |2 rdacontent 
337 |a unmediated  |b n  |2 rdamedia 
338 |a volume  |b nc  |2 rdacarrier 
504 |a Includes bibliographies and index. 
650 0 |a Low-income housing  |z Developing countries. 
650 0 |a Low-incom housing  |x Government policy  |z Developing countries. 
650 0 |a Housing policy  |z Developing countries. 
700 1 |a Patton, Carl V. 
999 |a MARS 
999 f f |s e784da65-5be9-373d-b4a1-00c45028c09f  |i 9692a9e9-33e5-3280-a753-111c4b5945bd  |t 0 
952 f f |p ric  |a Texas A&M University  |b Rellis Campus  |c Joint Library Facility  |d Remote Storage  |t 0  |e HD7287.96 .D44 S66 1988  |h Library of Congress classification  |i unmediated -- volume  |m A14811082541 
998 f f |a HD7287.96 .D44 S66 1988  |t 0  |l Remote Storage